Statistics for Famous people with double initials

Click here to take the quiz!

General Stats

  • This quiz has been taken 114 times
    (58 since last reset)
  • The average score is 7 of 26

Answer Stats

HintAnswer% Correct
CCCalvin Coolidge|Coolidge|Charlie Chaplin|Charles Chaplin|Chaplin|Christopher Cross|Cross|Coco Chanel|Chanel|Coco Crisp|Crisp|Chelsea Clinton|Clinton|Candace Cameron|Cameron|Casey Candaele|Candaele|Christian Chavez|Chavez|Cedric Ceballos|Ceballos|Celestino Caballero|Caballero|Clive Cussler|Cussler|Cliff Couser|Couser|Cinthya Carmona|Carmona|Cynthia Cooper|Cinthya Cooper|Cooper|Chubby Checkers|Checkers|Curtis Cokes|Cokes|Carlitos Colon|Colon|Carlos Cruz|Cruz|Chris Chelios|Chelios|Carlos Cuadras|Cuadras|Christian Castro|Castro|Carlos Correa|Correa|Chevy Chase|Chase|Cesar Chavez|Cindy Crawford|Crawford|Chase Crawford|Chris Chambliss|Chambliss|Celia Cruz|Camille Carrion|Carrion|Clarissa Chapuseaux|Chapuseaux|Christopher Columbus|Cristobal Colon|Columbus|Cristobal Cruz|Cecil Cooper|Carol Channing|Channing|Carol Cleveland|Cleveland|Charisma Carpenter|Carpenter|Carmen Campuzano|Campuzano|Carmen Campos|Campos|Cacho Castana|Cacho Castaneda|Castana|Castaneda|Christopher Cokes|Chucho Castillo|Jesus Castillo|Castillo|Chick Corea|Corea|Chuck Connors|Connors
69%
AAAlexis Arguello|Arguello|Alexis Arquette|Arquette|Alan Alda|Alda|Anthony Anderson|Anderson|Axel Anderson|Al Andrews|Andrews|Armando Araiza|Araiza|Andre Agassi|Agassi|Adolfo Angel|Angel|Alicia Ashley|Ashley|Adam Ant|Ant|Alvan Adams|Adams|Alejandra Amarilla|Amarilla|Alejandra Avalos|Avalos|Al Attles|Attles|Alaa Abdelnaby|Abdelnaby|Arnaldo Andres|Andres
63%
HHHersey Hawkins|Hawkins|Hubert Humphrey|Humphrey|Hedda Hopper|Hopper|Henry Hill|Hill|Holly Holm|Hollie Holm|Holm|Harry Houdini|Houdini|Harry Hamlin|Hamlin|Hugh Hefner|Hefner|Howard Hughes|Hughes|Hulk Hogan|Hollywood Hogan|Hogan|Herbert Hardwick|Hardwick|Herbie Hancock|Hancock|Herbie Hide|Hide|Herbie Hinojosa|Hinojosa
58%
JJJulian Jackson|Jackson|Janet Jackson|Jimmy Johnson|Johnson|Jack Johnson|Jesse Jackson|Jesse James|James|Jimmy Jackson|Jenna Jameson|Jameson|Julio Jaramillo|Jaramillo|Joe Johnson|Joe Jonas|Jonas|Jean Josselin|Josselin
56%
KKKato Kaelin|Kaelin|Kris Kristopherson|Kristopherson|Kim Kardashian|Kardashian|Khloe Kardashian|Kourtney Kardashian|Kallie Knoetzee|Knoetzee|Koji Kobayashi|Kobayashi|Kyle Kurver|Kurver|Kevin Kline|Kline
50%
TTTina Turner|Turner|Tony Tubbs|Tubbs|Tony Tucker|Tucker|Tiny Tim|Tim|Troy Tulowitzki|Tulowitzki|Tanya Tucker|Tammy Terrell|Terrell|Teddy Trinidad|Trinidad|Tina Thompson|Thompson|Ted Turner|Tony Tursi|Tursi|Tia Tequila|Tequila|Tomas Trampa|Trampa|Thurman Thomas|Thomas|Tim Thomas|Tyrone Trice|Trice
44%
MMMarilyn Monroe|Monroe|Michael Moore|Moore|Mandy Moore|Michael Moorer|Moorer|Mickey Mantle|Mantle|Marilyn Manson|Manson|Mindy McCready|McCready|Milton McCrory|McCrory|Monte Masters|Masters|Mario Morales|Morales|Mario Martinez|Martinez|Mario Miranda|Miranda|Marvin Mack|Mack|Mike McCallum|McCallum|Moses Malone|Malone|Marisol Malaret|Malaret|Mark Macon|Macon|Minnie Minoso|Minoso|Marcel Marceau|Marceau|Michael Madsen|Madsen|Miguel Mateos|Mateos|Miguel Montilla|Montilla|Mario Moreno|Moreno|Cantinflas|Mike Myers|Myers|Marla Maples|Maples|Mona Marti|Marti|Marilyn McCoo|McCoo|Manuel Medina|Medina|Manny Manuel|Manuel|Mark McGwire|McGwire|Maya Moore|Meghan Markle|Markle|Mark Medal|Medal|Mark Madsen|Madsen|Manny Melchor|Melchor|Miguel Mercado|Mercado|Method Man|Man|Michael McDonald|McDonald|Mike Moore|Meche Marchand|Marchand|Mohammad Mirmohammadi|Mirmohammadi
40%
DDDavid Duke|Duke|Doris Day|Day|Dan Dancutta|Dancutta|Dan Duva|Duva|Dino Duva|Dorothy Dandridge|Dandridge|Doug Ducey|Ducey|Dom DeLuise|DeLuise|De Luise|Dom DiMaggio|DiMaggio|Doug Davis|Davis|Dale Davis|David Dellucci|Dellucci|Dustin Diamond|Diamond|David De La Cruz|De La Cruz|Doug Drabek|Drabek|Dave Dravecky|Dravecky|Delino DeShields|DeShields|Danny DeVito|DeVito|David Dinkins|Dinkins|Don Dunphy|Dunphy|Darryl Dawkins|Dawkins|David Diaz|Diaz|David Duchovny|Duchovny|David Duval|Duval|Doris Duke
38%
SSSalvador Sanchez|Sanchez|Samuel Serrano|Serrano|Sylvester Stallone|Stallone|Steven Spielberg|Spielberg|Sissy Spacek|Spacek|Sheryl Swoopes|Swoopes|Stan Steiner|Steiner|Sharon Stone|Stone|Sage Stallone|Steven Segal|Segal|Sandy Saddler|Saddler|Sonya Smith|Smith|Sedona Schnebly|Schnebly|Sammy Sosa|Sosa|Sammy Stewart|Stewart|Steven Smith|Samantha Smith|Susan Sarandon|Sarandon|Suzanne Somers|Somers
38%
BBBernie Bickerstaff|Bickerstaff|Bobby Brown|Brown|Billy Blanks|Blanks|Bobby Bonds|Bonds|Barry Bonds|Bonds|Bobo Brazil|Brazil|Brett Butler|Butler|Bonnie Blair|Blair|Bill Belichick|Bellichick|Bernard Benton|Benton|Barbara Buttrick|Buttrick|Bruce Buffer|Buffer|Bruce Bowen|Bowen|Bill Bidwill|Bidwill|Buddy Bell|Bell|Buddy Baer|Baer|Brenda Burnside|Burnside|Bennie Briscoe|Briscoe|Bobby Bowden|Bowden|Bobby Bonilla|Bonilla|Brent Barry|Barry|Billy Backus|Backus|Bill Bixby|Bixby|Brian Boitano|Boitano|Bryant Brannon|Brannon|Bill Bell|Bill Bellamy|Bellamy|Bill Blaikie|Blaikie|Bill Blair|Billy Boat|Boat|Benjamin Bratt|Bratt|Benjamin Britten|Britten|Ben Barnes|Barnes|Brian Blessed
35%
RRRoberto Rubaldino|Rubaldino|Rick Rudd|Ricky Rudd|Rudd|Robby Rosa|Rosa|Ricky Rubio|Rubio|Roy Rossello|Roy Rosello|Roy Rosselo|Rossello|Rosello|Rosselo|Ricardo Rossello|Ricky Rossello|Ray Reyes|Reyes|Robin Roberts|Roberts|Ron Rivera|Rivera|Rico Ramos|Ramos|Sugar Ray Robinson|Ray Robinson|Robinson|Robert Redford|Redford|Rhonda Rousey|Rousey|Robert Rofriguez|Rodriguez|Ruben Rodriguez|Ramon Ramos|Ramon Rivas|Rivas|Ramon Ronquillo|Ronquillo|Rudy Rodriguez|Ralphy Rodriguez|Ruddy Rodriguez|Ronald Reagan|Reagan|Roberto Rios|Bobby Rios|Rios|Roberto Rohena|Rohena|Renee Richards|Richards|Richard Ramirez|Ramirez|Rafael Ruelas|Ruelas|Rudy Robles|Robles|Rafael Ramirez|Rick Reuschel|Reuschel
35%
WWWoodrow Wilson|Willie Wilson|Wilson|Wendy Williams|Williams|Walter Winchell|Winchell|Walt Williams|Will Wheaton|Wheaton|Willie Warren|Warren|William Webster|Webster
35%
LLLouis L'amour|Louis Lamour|L'amour|Lamour|Liza Lopez|Lisa Lopez|Lopez|Linda Lovelace|Lovelace|Laura Linney|Linney|Luisana Lopilato|Lopilato|Louie Lomelli|Lomelli|Lisa Leslie|Leslie|Lindsay Lohan|Lohan|Lennox Lewis|Lewis|Libertad Lamarque|Lamarque|Lucy Liu|Liu|Lucky Luciano|Luciano|Luis Lazarte|Lazarte|Louis Lepke|Lepke|Louie Leija|Leija
29%
PPPaula Poundstone|Poundstone|Piper Perabo|Perabo|Pablo Picasso|Picasso|Paul Pierce|Pierce|Paul Penzone|Penzone|Paul Pender|Pender|Paul Penders|Penders|Pablo Portillo|Portillo|Perez Prado|Prado|Phil Pepe|Pepe|Pedro Pierluisi|Pierluisi|Pedro Pascal|Pascal|Pol Pot|Pot
27%
GGGina Guidi|Guidi|Gary Glitter|Glitter|Gail Goodrich|Goodrich|Gennady Golovkin|Golovkin|Gary Grant|Grant|Gary Guiden|Guiden|Greta Garbo|Garbo|Gary Gaetti|Gaetti|Gilbert Gottfried|Gottfried|Gloria Gaynor|Gaynor
21%
NNNick Nolte|Nolte|Nick Nurse|Nurse
21%
ZZZinedine Zidane
19%
FFFarrah Fawcett|Fawcett|Faucett|Farah Faucett|Freeda Foreman|Foreman|Freddie Fender|Fender|Felito Felix|Felix|Francisco Franco|Franco|Frances Farmer|Farmer|Frances Farenthold|Farenthold|Ford Frick|Frick
17%
OOOzzie Ozbourne|Ozzie Osbourne|Ozbourne|Osbourne|Ossie Ocasio|Ocasio|Otto Oppenheimer|Oppenheimer
17%
VVVesna Vulovic|Vulovic|Vicentico Valdes|Valdes|Vince Vaughn|Vaughn
13%
QQNone
4%
IINone
4%
XXNone
4%
YYNone
4%
EEEusebio Espinal|Espinal|Enrique Encinosa|Encinosa|Ernesto Espana|Espana
2%
UUUguet Urbina|Urbina
2%

Score Distribution

Percentile by Number Answered

Percent of People with Each Score

Your Score History

You have not taken this quiz since the last reset